Teaching about food and hunger : 33 activities /
Gespeichert in:
| 1. Verfasser: | |
|---|---|
| Körperschaft: | |
| Weitere Verfasser: | |
| Format: | Buch |
| Sprache: | English |
| Veröffentlicht: |
Denver, Colo. :
Center for Teaching International Relations, University of Denver,
c1977.
|
| Schriftenreihe: | Otero, George G. Environmental education series ;
1. Environmental education series (University of Denver. Center for Teaching International Relations.) |
| Schlagworte: |
| LEADER | 01653nam a2200337 a 4500 | ||
|---|---|---|---|
| 001 | c000311288 | ||
| 003 | CARM | ||
| 005 | 20121012100341.0 | ||
| 008 | 821022s1977 coua b 000 0 eng d | ||
| 019 | 1 | |a 69793198 |5 LACONCORD2021 | |
| 035 | |a (OCoLC)8885644 |5 LACONCORD2021 | ||
| 040 | |a DVP |c DVP |d OCL |d GUA |d AU@ |d VCAV | ||
| 050 | 4 | |a HD9000.5 |b .O83 1977 | |
| 082 | 0 | 4 | |a 363.8 |2 19 |
| 100 | 1 | |a Otero, George G. | |
| 245 | 1 | 0 | |a Teaching about food and hunger : |b 33 activities / |c by George G. Otero and Gary R. Smith. |
| 260 | |a Denver, Colo. : |b Center for Teaching International Relations, University of Denver, |c c1977. | ||
| 300 | |a 227 p. : |b ill. ; |c 28 cm. | ||
| 490 | 0 | |a Environmental education series / University of Denver. Center for Teaching International Relations. | |
| 490 | 1 | |a Environmental education series ; |v 1 | |
| 504 | |a Bibliography: p. 88-89. | ||
| 500 | |a "This document was partially supported by a grant from the U.S. Office of Education, Department of Health, Education, and Welfare."--T.p. verso. | ||
| 650 | 0 | |a Food supply |x Study and teaching. | |
| 650 | 0 | |a Nutrition |x Study and teaching. | |
| 700 | 1 | |a Smith, Gary R. | |
| 710 | 2 | |a University of Denver. |b Center for Teaching International Relations. | |
| 830 | 0 | |a Environmental education series (University of Denver. Center for Teaching International Relations.) | |
| 852 | 8 | |b CARM |h A3:AI05C0 |i F07620 |p 0474653 |f BK | |
| 800 | 1 | |a Otero, George G. |t Environmental education series ; |v 1. | |
| 999 | f | f | |i 2d61bd6e-1fa5-5ad2-904e-16cd1467ebc8 |s 0108e541-4669-54f1-b7d7-1a3c5993f93e |
| 952 | f | f | |p Can circulate |a CAVAL |b CAVAL |c CAVAL |d CARM 1 Store |e F07620 |f A3:AI05C0 |h Other scheme |i book |m 0474653 |